Relaciones internacionales en el próximo oriente antiguo, 1600-1100 a. C

Saved in:
Bibliographic Details
Main Author: Liverani, Mario (autor)
Format: Book
Language:Spanish
Published: Barcelona Bellaterra 2003
Subjects:
Tags: Add Tag
No Tags, Be the first to tag this record!

MARC

LEADER 00000nam a2200000 a 4500
001 UCK9455
003 CL-VaPUC
008 060512e20030000SP |||||||||||||||||spa|d
020 |a 8472902285 
082 0 4 |a 950.1  |b LIV  |2 21 
100 |a Liverani, Mario  |e autor  |9 559708 
245 1 0 |a Relaciones internacionales en el próximo oriente antiguo, 1600-1100 a. C 
300 |a 287 p 
942 |c BK 
945 |d 20060512 00:00:00  |a jtorresc 
260 |a Barcelona  |b Bellaterra  |c 2003 
650 0 |a Historia antigua  |9 267521 
650 0 |a Civilización   |9 255823 
650 0 |a Comercio  |9 255341 
650 0 |a Guerra  |9 255876 
650 0 |a Cultura  |9 269059 
650 0 |a Edad media  |9 258041 
650 7 |a IMPERIOS  |2 CL-VaPUC  |9 376543 
650 0 |a Relaciones Internacionales  |9 255740 
583 |a last modification  |c 20060512 00:00:00  |k Rodrigo Vera 
999 |c 316659  |d 316657 
952 |0 0  |1 0  |4 0  |6 950_100000000000000_LIV_2003  |7 0  |8 A  |9 391296  |a BIBHIS  |b BIBHIS  |d 2019-11-22  |i 4225805  |o 950.1 LIV 2003  |p 4225805  |r 2025-01-20  |w 2019-11-22  |y BK  |k HIS